000 00298nam a22001337a 4500
008 170207b xxu||||| |||| 00| 0 eng d
020 _a0683085085
041 _aeng
080 _a61
100 _a4
101 _aSHM
245 _aCLINICAL PREVENTIVE SERVICES
_cWILLIAMS WILLKINS
942 _2udc
_cBK
999 _c4825
_d4825